00000000nam##2200000za#4500
0019.698146
003CaOODSP
00520210624235810
007cr |||||||||||
008150407|1999||||xxc|||||o    f|0| 0 eng|d
040 |aCaOODSP|beng
043 |an-cn---
0861 |aRH64-85/1999E-PDF
1101 |aCanada.|bHuman Resources Development Canada. |bStrategic Policy.
24510|aStrategic initiatives - summative evaluation of the community skills centres - British Columbia / |h[electronic resource]|c[by] Evaluation and Data Development.
260 |aOttawa - Ontario : |bHuman Resources Development Canada. |cMay 1999.
300 |a71p.|btables
590 |a13-16-Supp|b2013-07-12
77508|tInitiatives stratégiques - évaluation sommative des centres communautaires de formation - Colombie-Britannique / |w(CaOODSP)9.642140
85640|ahttp://publications.gc.ca|qPDF|s234 KB|uhttps://publications.gc.ca/collections/collection_2013/rhdcc-hrsdc/RH64-85-1999-eng.pdf
986 |aSP-AH120-05-99E